000 00297nam a22001337a 4500
008 170320b xxu||||| |||| 00| 0 eng d
020 _a0881672599
041 _aeng
080 _a616.8
100 _a7
101 _aSHM
245 _aAIDS AND THE NERVOUS SYSTEM
_cROSENBLUM, M.L
942 _2udc
_cBK
999 _c8092
_d8092